Sirat-e-Nabvi / (Record no. 34141)

000 -LEADER
fixed length control field 00525nam a22001817a 4500
003 - CONTROL NUMBER IDENTIFIER
control field NUST
038 ## - RECORD CONTENT LICENSOR
Staff Name Khadija
082 ## - DEWEY DECIMAL CLASSIFICATION NUMBER
Classification number BB-36
100 ## - MAIN ENTRY--PERSONAL NAME
Personal name Nadwa, Syed Salman
9 (RLIN) 88924
245 ## - TITLE STATEMENT
Title Sirat-e-Nabvi /
Statement of responsibility, etc. Alama Syed Suleman Nadvi
260 ## - PUBLICATION, DISTRIBUTION, ETC.
Place of publication, distribution, etc. Lahore :
Name of publisher, distributor, etc. Service Book Club,
Date of publication, distribution, etc. 1985.
300 ## - PHYSICAL DESCRIPTION
Extent 200 p. ;
Other physical details 24 cm.
500 ## - GENERAL NOTE
General note Hardcover.
563 ## - BINDING INFORMATION
Binding note HB
880 ## - ALTERNATE GRAPHIC REPRESENTATION
Linkage 100-01
Title علامہ سید سلیمان ندوی
880 ## - ALTERNATE GRAPHIC REPRESENTATION
Linkage 245-02
Title سیرت النبی ۔
c علامہ سید سلیمان ندوی
942 ## - ADDED ENTRY ELEMENTS (KOHA)
Koha item type Book
Source of classification or shelving scheme
Holdings
Withdrawn status Lost status Source of classification or shelving scheme Damaged status Not for loan Permanent Location Current Location Shelving location Date acquired Full call number Barcode Date last seen Price effective from Koha item type
          School of Mechanical & Manufacturing Engineering (SMME) School of Mechanical & Manufacturing Engineering (SMME) Book Bank 07/26/2016 BB-36 SMME-BB36 04/02/2018 07/26/2016 Book
© 2023 Central Library, National University of Sciences and Technology. All Rights Reserved.